Statistics for Prime Ministers of Israel

Click here to take the quiz!

General Stats

  • This quiz has been taken 6,034 times
    (5,040 since last reset)
  • The average score is 6 of 12

Answer Stats

TermPartyPrime Minister% Correct
1996-1999, 2009-LikudBenjamin Netanyahu
92%
1969-1974LaborGolda Meir
76%
1948-1954, 1955-1963MapaiDavid Ben-Gurion
69%
1974-1977, 1992-1995LaborYitzhak Rabin
67%
2001-2006Likud/KadimaAriel Sharon
62%
1984-1986, 1995-1996LaborShimon Peres
61%
1977-1983LikudMenachem Begin
46%
1999-2001LaborEhud Barak
38%
2006-2009KadimaEhud Olmert
34%
1983-1984, 1986-1992LikudYitzhak Shamir
32%
1963-1969Mapai/LaborLevi Eshkol
25%
1954-1955MapaiMoshe Sharett
22%

Score Distribution

Percentile by Number Answered

Percent of People with Each Score

Your Score History

You have not taken this quiz since the last reset